Części ciała - bez samogłosek - Statystyki

Ogólne statystyki
  • Ten quiz został rozwiązany 3 760 razy
    3 734 od ostatniego zresetowania
  • Średni wynik to 20 z 24
Statystyki odpowiedzi
Bez Z % Poprawnych
ŁKĆ Łokieć
99%
DŁŃ Dłoń
98%
GŁW Głowa
98%
JZK Język
97%
NG Noga
96%
STP Stopa
96%
KŚĆ Kość
95%
DZSŁ Dziąsło
94%
KLN Kolano
94%
WŁS Włosy
94%
TWRZ Twarz
93%
RM Ramię
92%
NRK Nerka
91%
ZB Ząb
89%
WRG Warga
88%
PLC Palec | Plecy
87%
JLT Jelito
86%
NS Nos
86%
SKCZ {Siekacz}(Ząb)
82%
KRK Kark
77%
PT Pięta
73%
CH Ucho
48%
ŻŁ Żyła
48%
ST Usta
37%
Nie znaleziono quizów pasujących do podanych kryteriów
Rozkład punktacji
Procent ludzi z każdym wynikiem
Percentyl według liczby udzielonych odpowiedzi
Twoja historia wyników
Nie rozwiązałeś tego quizu od ostatniego zresetowania